LEADER 03780nam 2200661 a 450 001 9910830728103321 005 20230721004107.0 010 $a1-282-34225-8 010 $a9786612342257 010 $a0-470-69778-4 010 $a0-470-69798-9 035 $a(CKB)1000000000687330 035 $a(EBL)470648 035 $a(OCoLC)609849640 035 $a(SSID)ssj0000297791 035 $a(PQKBManifestationID)11228038 035 $a(PQKBTitleCode)TC0000297791 035 $a(PQKBWorkID)10333890 035 $a(PQKB)10859936 035 $a(MiAaPQ)EBC470648 035 $a(EXLCZ)991000000000687330 100 $a20070228d2008 uy 0 101 0 $aeng 135 $aur|n|---||||| 181 $ctxt 182 $cc 183 $acr 200 10$aGoss's roofing ready reckoner$b[electronic resource] $emetric cutting and sizing tables for timber roof members 205 $a4th ed. 210 $aOxford ;$aMalden, Mass. $cBlackwell$d2008 215 $a1 online resource (194 p.) 300 $aRev. ed. of: Roofing ready reckoner / Ralph Goss. 2001. 311 $a1-4051-5921-9 320 $aIncludes bibliographical references (p. 177-181) and index. 327 $aGOSS'S ROOFING READY RECKONER; CONTENTS; 1 Introduction; 2 Roofing terminology; 3 Calculating the size of timber members; Strength and section size calculation; How do we calculate the loading on the roof?; Timber member sizing design: example; 4 Calculating the length and cutting angles of timber members: data tables 5-75.; The pitch; Using the tables to cut a common rafter; Hip jack rafters; Hip rafters; Valley jack rafters; The ridge; Purlins; Metric calculation tables; 5 Wall plates - strapping and gable strapping; 6 Wind bracing and openings for dormers and roof windows 327 $aOpenings for dormers and roof windows7 Roofing metalwork and fixings; Nails, bolts and screws; 8 Roof coverings - felt, battens and tiles; Underlay; Battens; Insulation and ventilation; Choosing the roof covering; 9 Roof coverings - building detail drawings; Natural slates; Concrete interlocking tiles; Plain and peg tiles; Asphalt shingles; Metal tiles; 10 Tools and equipment; Obtaining information from the drawing; To cut the roof; Setting up the roof structure; Roof coverings; 11 Health & safety considerations; Access to the roof; Basic principles 327 $aRestoration and renovation of existing roof structuresNewly constructed roofs; The roof covering; Conclusion; Bibliography; Index 330 $aGoss's Roofing Ready Reckoner provides rafter dimensions for timber roofs of any span and pitch. Additional information is provided on wall plate and gable strapping, wind bracing, truss clips and other roofing metalwork, and tools and equipment.This new edition includes roof timber member design tables, information on warm and cold roofs, their ventilation and insulation, plus detailed drawings for tiling, slating and other roof coverings.Also of interestRoof Construction and Loft ConversionFourth EditionC. N. Mindham978 14051 3963 2 606 $aRoofs$vHandbooks, manuals, etc 606 $aCarpentry$xMathematics$vHandbooks, manuals, etc 606 $aRoofing$vHandbooks, manuals, etc 606 $aEngineering mathematics$xFormulae$vHandbooks, manuals, etc 615 0$aRoofs 615 0$aCarpentry$xMathematics 615 0$aRoofing 615 0$aEngineering mathematics$xFormulae 676 $a694/.2 676 $a695.0299 700 $aGoss$b Ralph$0881306 701 $aMindham$b C. N$g(Chris N.)$0855360 701 $aGoss$b Ralph$0881306 801 0$bMiAaPQ 801 1$bMiAaPQ 801 2$bMiAaPQ 906 $aBOOK 912 $a9910830728103321 996 $aGoss's roofing ready reckoner$91968237 997 $aUNINA LEADER 03575nam 22006012 450 001 9910163907203321 005 20170203104248.0 010 $a1-316-94213-9 010 $a1-316-94405-0 010 $a1-316-94437-9 010 $a1-316-33536-4 010 $a1-316-94469-7 010 $a1-316-94597-9 010 $a1-316-94501-4 035 $a(CKB)3710000001052025 035 $a(MiAaPQ)EBC4794084 035 $a(UkCbUP)CR9781316335369 035 $a(EXLCZ)993710000001052025 100 $a20150106d2017|||| uy| 0 101 0 $aeng 135 $aur||||||||||| 181 $ctxt$2rdacontent 182 $cc$2rdamedia 183 $acr$2rdacarrier 200 14$aThe age of charisma $eleaders, followers, and emotions in American society, 1870-1940 /$fJeremy C. Young 210 1$aCambridge :$cCambridge University Press,$d2017. 215 $a1 online resource (xxiv, 331 pages) $cdigital, PDF file(s) 300 $aTitle from publisher's bibliographic system (viewed on 31 Jan 2017). 311 08$a1-107-53515-8 311 08$a1-107-11462-4 320 $aIncludes bibliographical references and index. 327 $aMagnetic America : personal magnetism in American culture, 1870-1900 -- Command performances : leaders and their technologies, 1890-1910 -- Transformations : the follower experience, 1890-1920 -- Competing visions : imagining charisma and social change, 1890-1910 -- Changing society : the rise and fall of progressive charisma, 1910-1920 -- End of an age : from magnetism to mass communication, 1920-1940. 330 $aAn innovative examination of American society, culture, and politics, The Age of Charisma argues that the modern relationship between American leaders and followers grew out of a unique group of charismatic social movements prominent in the late-nineteenth and early-twentieth centuries. Drawing on hundreds of letters and testimonials, Jeremy C. Young illustrates how 'personal magnetism' in public speaking shaped society by enabling a shift from emotionally-inaccessible leadership to emotionally-available leadership. This charismatic speaking style caused a rapid transformation in the leader-follower relationship, creating an emotional link between speakers and listeners, and the effects of this social transformation remain with us today. Young argues that ultimately, charismatic movements enhanced American democracy by encouraging the personalization of leadership - creating a culture in which today's leaders appeal directly to Americans through mass media. 606 $aCharisma (Personality trait)$xPolitical aspects$zUnited States$xHistory$y19th century 606 $aCharisma (Personality trait)$xPolitical aspects$zUnited States$xHistory$y20th century 606 $aPolitical leadership$zUnited States$xHistory$y19th century 606 $aPolitical leadership$zUnited States$xHistory$y20th century 606 $aPolitical culture$zUnited States$xHistory$y19th century 606 $aPolitical culture$zUnited States$xHistory$y20th century 615 0$aCharisma (Personality trait)$xPolitical aspects$xHistory 615 0$aCharisma (Personality trait)$xPolitical aspects$xHistory 615 0$aPolitical leadership$xHistory 615 0$aPolitical leadership$xHistory 615 0$aPolitical culture$xHistory 615 0$aPolitical culture$xHistory 676 $a303.34 700 $aYoung$b Jeremy C.$01074795 801 0$bUkCbUP 801 1$bUkCbUP 906 $aBOOK 912 $a9910163907203321 996 $aThe age of charisma$92581876 997 $aUNINA LEADER 03997nam 22006015 450 001 9910647395903321 005 20251008161948.0 010 $a3-031-16693-0 024 7 $a10.1007/978-3-031-16693-8 035 $a(MiAaPQ)EBC7187657 035 $a(Au-PeEL)EBL7187657 035 $a(CKB)26069080000041 035 $a(DE-He213)978-3-031-16693-8 035 $a(PPN)267808747 035 $a(EXLCZ)9926069080000041 100 $a20230129d2023 u| 0 101 0 $aeng 135 $aurcnu|||||||| 181 $ctxt$2rdacontent 182 $cc$2rdamedia 183 $acr$2rdacarrier 200 10$aTectonic Evolution of the Moroccan High Atlas: A Paleomagnetic Perspective $eMagnetic Techniques (Anisotropy of Magnetic Susceptibility and Paleomagnetism) Applied to the Understanding of the Evolution of an Intra-Plate Mountain Chain /$fedited by Pablo Calvín, Antonio M. Casas-Sainz, Teresa Román-Berdiel, Juan J. Villalaín 205 $a1st ed. 2023. 210 1$aCham :$cSpringer International Publishing :$cImprint: Springer,$d2023. 215 $a1 online resource (666 pages) 225 1 $aSpringer Geology,$x2197-9553 311 08$aPrint version: Calvín, Pablo Tectonic Evolution of the Moroccan High Atlas: a Paleomagnetic Perspective Cham : Springer International Publishing AG,c2023 9783031166921 320 $aIncludes bibliographical references. 327 $aThe geological setting of the Moroccan High Atlas and its plate tectonics context -- Structure of the Central High Atlas (Morocco). Constraints from potential field data and 3D models -- Magnetic properties of the remagnetized carbonates of the Central High Atlas (Morocco) -- Paleomagnetism of the Central High Atlas. The widespread Cretaceous Remagnetization and structural implications -- Geodynamic evolution during the Mesozoic and Cenozoic in the Central High Atlas of Morocco from Anisotropy of Magnetic Susceptibility -- Kinematics of structures and basin evolution in the Central High Atlas. Constraints from AMS and paleomagnetic data. 330 $aThis book presents a significant amount of structural, paleomagnetic and magnetic fabric data in the Central High Atlas (Morocco). The authors thoroughly described and analyzed the present-day structure of this intraplate chain through 22 of cross-sections, potential field data analysis and 3D reconstruction. In addition, the authors propose a palinspastic reconstruction of the structure of the basin at 100 Ma (i.e., post-extension and pre-compression) to finally evaluate its Mesozoic and Cenozoic geodynamic evolution. This books presents (1) a unique three-dimensional model at the chain scale, (2) an analysis of the ca. 100 Ma remagnetization, to perform palinspastic restorations of most representative structures, (3) as well as the interpretation of the magnetic fabrics in order to unravel the tectonic or deformation setting that the rocks underwent in different parts of the basin. This book is of interest to structural geologists in Northern Africa, the Mediterraneanand Iberia, as well as to those interested in inverted intraplate basins and paleomagnetists from around the planet. Also, this book is intended to help students to understand better the geological evolution of the Atlas and therefore Morocco and surrounding areas. 410 0$aSpringer Geology,$x2197-9553 606 $aGeology 606 $aSedimentology 606 $aGeodynamics 606 $aGeology 606 $aSedimentology 606 $aGeodynamics 615 0$aGeology. 615 0$aSedimentology. 615 0$aGeodynamics. 615 14$aGeology. 615 24$aSedimentology. 615 24$aGeodynamics. 676 $a538.727 676 $a538.72709644 702 $aCalvi?n$b Pablo 801 0$bMiAaPQ 801 1$bMiAaPQ 801 2$bMiAaPQ 906 $aBOOK 912 $a9910647395903321 996 $aTectonic Evolution of the Moroccan High Atlas: A Paleomagnetic Perspective$93275486 997 $aUNINA